Państwa o najniższym wskaźniku morderstw - Statystyki

Ogólne statystyki
  • Ten quiz został rozwiązany 16 906 razy
    5 915 od ostatniego zresetowania
  • Średni wynik to 10 z 20
Statystyki odpowiedzi
Wskaźnik
morderstw
Państwo % Poprawnych
0 Watykan
85%
0,30 San Marino
75%
0,44 Monako
74%
0,62 Islandia
67%
0,73 Luksemburg
67%
0,49 Norwegia
66%
0,56 Szwajcaria
62%
0,26 Japonia
59%
0,60 Dania
57%
0,75 Korea Południowa
50%
0,32 Singapur
49%
0,70 Irlandia
46%
0,50 Austria
39%
0,44 Katar
37%
0,69 Zjednoczone EmiratyArabskie
36%
0,74 Włochy
31%
0,51 Bahrajn
30%
0,56 Hiszpania
30%
0,65 Brunei
25%
0,60 Indonezja
12%
Nie znaleziono quizów pasujących do podanych kryteriów
Rozkład punktacji
Procent ludzi z każdym wynikiem
Percentyl według liczby udzielonych odpowiedzi
Twoja historia wyników
Nie rozwiązałeś tego quizu od ostatniego zresetowania